000 00361 a2200157 4500
001 158924
020 _a
040 _cMagnum
100 _a-
240 1 0 _aAventura visual / livro de perguntas/respostas
_lpor
245 1 0 _aAventura visual / livro de perguntas/respostas
362 0 _a1899
440 1 _aGlobo
697 _aMAGNITO: COLECAO
942 _cBK
999 _c158924
_d158924